AH International Schools' Libraries

School poems / (Record no. 49526)

MARC details
000 -LEADER
fixed length control field 00316nam a2200121 4500
020 ## - INTERNATIONAL STANDARD BOOK NUMBER
International Standard Book Number 9780439959728
100 ## - MAIN ENTRY--PERSONAL NAME
Personal name Curry, Jennifer
9 (RLIN) 53579
245 ## - TITLE STATEMENT
Title School poems /
Statement of responsibility, etc Jennifer Curry
260 ## - PUBLICATION, DISTRIBUTION, ETC. (IMPRINT)
Place of publication, distribution, etc London
Name of publisher, distributor, etc Scholastic
Date of publication, distribution, etc 2005
300 ## - PHYSICAL DESCRIPTION
Extent 123 p.
Other physical details col. ill.
Dimensions 20 cm.
650 ## - SUBJECT ADDED ENTRY--TOPICAL TERM
Topical term or geographic name as entry element School Poems
9 (RLIN) 86669
942 ## - ADDED ENTRY ELEMENTS (KOHA)
Source of classification or shelving scheme
Koha item type Book
Holdings
Withdrawn status Lost status Source of classification or shelving scheme Damaged status Not for loan Collection code Home library Current library Shelving location Date acquired Total Checkouts Full call number Barcode Date last seen Date checked out Price effective from Koha item type Checked out
          Non-Fiction Asian Hope Primary Library Asian Hope Primary Library Non Fiction 09/08/2025 7 821.9 CUR 208170 04/01/2026 03/25/2026 09/08/2025 Book  
            Asian Hope Primary Library Asian Hope Primary Library Non Fiction 09/11/2025 12 821.9 CUR 208875 04/30/2026 04/30/2026 09/11/2025 Book 05/07/2026

For any Logos Library related questions please contact Miss Art at swongnarasuk@asianhope.org.

For any Asian Hope Library related questions please contact Miss Raza at graza@asianhope.org.

Powered by Koha